000 00476nam a2200181Ia 4500
005 20251020182517.0
008 200515s9999 xx 000 0 und d
082 _a667.641/B68
245 0 _aBiblioteca del diseño gráfico : aerografía
260 _aBarcelona
260 _c1994
300 _aBlume
500 _a1 ejemplar
520 _aDetalla el uso del aerógrafo como instrumento de expresión artística
650 _aAEROGRAFIA
650 _aLIB
942 _cLIB
999 _c1613
_d1613